000 00321nam a2200145Ia 4500
008 150201s2008 xx 000 0 und d
082 _a611
_bH2008G
100 _aGANGANE, SD
245 _aHUMAN GENETICS
250 _a3RD
260 _bELSEVIER
_aDELHI
_c2008
300 _a1-272
650 _aANATOMY
942 _2ddc
_cBK
999 _c4371
_d4371